<?xml version="1.0" encoding="UTF-8"?>
<record
    xmlns:xsi="http://www.w3.org/2001/XMLSchema-instance"
    xsi:schemaLocation="http://www.loc.gov/MARC21/slim http://www.loc.gov/standards/marcxml/schema/MARC21slim.xsd"
    xmlns="http://www.loc.gov/MARC21/slim">

  <leader>00926Cam#a2200253#a#4500</leader>
  <controlfield tag="005">20240613102902.0</controlfield>
  <controlfield tag="008">100823s1982||||sp a   |||||||||||||spa d</controlfield>
  <datafield tag="020" ind1=" " ind2=" ">
    <subfield code="a">8434511428</subfield>
  </datafield>
  <datafield tag="041" ind1=" " ind2=" ">
    <subfield code="a">spa</subfield>
  </datafield>
  <datafield tag="092" ind1=" " ind2=" ">
    <subfield code="c">611.9</subfield>
    <subfield code="l">82</subfield>
    <subfield code="s">TES</subfield>
  </datafield>
  <datafield tag="100" ind1="1" ind2=" ">
    <subfield code="a">Testut, L.</subfield>
    <subfield code="9">145</subfield>
  </datafield>
  <datafield tag="245" ind1=" " ind2=" ">
    <subfield code="a">Tratado de anatom&#xED;a topogr&#xE1;fica con aplicaciones medicoquir&#xFA;rgicas. </subfield>
    <subfield code="b">T.2 /</subfield>
    <subfield code="c">L. Testut</subfield>
  </datafield>
  <datafield tag="250" ind1=" " ind2=" ">
    <subfield code="a">8a ed.</subfield>
    <subfield code="b">ilustrado por S. Dupret</subfield>
  </datafield>
  <datafield tag="260" ind1=" " ind2=" ">
    <subfield code="a">Barcelona: </subfield>
    <subfield code="b">Salvat;</subfield>
    <subfield code="c">1982.</subfield>
  </datafield>
  <datafield tag="300" ind1=" " ind2=" ">
    <subfield code="a">1-1128 p. </subfield>
    <subfield code="b">Con 846 figuras en el texto, dibujadas por S. Dupret de las cuales 714 estan impresas en colores.</subfield>
  </datafield>
  <datafield tag="500" ind1=" " ind2=" ">
    <subfield code="a">Testut, L. y Jacob, O. (1982). Tratado de anatom&#xED;a topogr&#xE1;fica con aplicaciones medicoquir&#xFA;rgicas. T.2  (8a ed.). Barcelona : Salvat.</subfield>
  </datafield>
  <datafield tag="590" ind1=" " ind2=" ">
    <subfield code="a">Donaci&#xF3;n Dra. Graciela Cas&#xE9;. 9/11/2004</subfield>
  </datafield>
  <datafield tag="653" ind1=" " ind2=" ">
    <subfield code="a">Abdomen</subfield>
  </datafield>
  <datafield tag="653" ind1=" " ind2=" ">
    <subfield code="a">Pelvis</subfield>
  </datafield>
  <datafield tag="653" ind1=" " ind2=" ">
    <subfield code="a">Miembros</subfield>
  </datafield>
  <datafield tag="700" ind1="1" ind2=" ">
    <subfield code="a">Jacob, O.</subfield>
    <subfield code="9">1334</subfield>
  </datafield>
  <datafield tag="930" ind1=" " ind2=" ">
    <subfield code="a">1086</subfield>
  </datafield>
  <datafield tag="942" ind1=" " ind2=" ">
    <subfield code="2">ddc</subfield>
    <subfield code="c">BK</subfield>
  </datafield>
  <datafield tag="999" ind1=" " ind2=" ">
    <subfield code="c">622</subfield>
    <subfield code="d">622</subfield>
  </datafield>
  <datafield tag="952" ind1=" " ind2=" ">
    <subfield code="0">0</subfield>
    <subfield code="1">0</subfield>
    <subfield code="2">ddc</subfield>
    <subfield code="4">0</subfield>
    <subfield code="7">0</subfield>
    <subfield code="a">BFM</subfield>
    <subfield code="b">BFM</subfield>
    <subfield code="c">CR</subfield>
    <subfield code="d">2011-05-13</subfield>
    <subfield code="l">23</subfield>
    <subfield code="m">1</subfield>
    <subfield code="o">611.9 82 TES</subfield>
    <subfield code="p">1086</subfield>
    <subfield code="r">2023-09-05</subfield>
    <subfield code="s">2023-08-29</subfield>
    <subfield code="t">ej.1</subfield>
    <subfield code="w">2011-05-13</subfield>
    <subfield code="y">BK</subfield>
    <subfield code="z">Hemeroteca 2022</subfield>
    <subfield code="f"></subfield>
  </datafield>
  <datafield tag="952" ind1=" " ind2=" ">
    <subfield code="0">0</subfield>
    <subfield code="1">0</subfield>
    <subfield code="2">ddc</subfield>
    <subfield code="4">0</subfield>
    <subfield code="7">0</subfield>
    <subfield code="a">BFM</subfield>
    <subfield code="b">BFM</subfield>
    <subfield code="c">CR</subfield>
    <subfield code="d">2019-02-22</subfield>
    <subfield code="e">Donaci&#xF3;n Febrero 2019</subfield>
    <subfield code="l">2</subfield>
    <subfield code="o">611.9 82 TES</subfield>
    <subfield code="p">4383</subfield>
    <subfield code="r">2023-09-12</subfield>
    <subfield code="s">2023-09-05</subfield>
    <subfield code="t">Ej.2</subfield>
    <subfield code="w">2019-02-22</subfield>
    <subfield code="y">BK</subfield>
    <subfield code="z">Donaci&#xF3;n Febrero 2019. Hemeroteca 2022</subfield>
    <subfield code="f"></subfield>
  </datafield>
</record>
